| 000 | 00650nam a2200229Ia 4500 | ||
|---|---|---|---|
| 005 | 20241216011127.0 | ||
| 008 | 190212s9999||||xx |||||||||||||| ||und|| | ||
| 020 | _a968-426-561-1 | ||
| 082 |
_a616.856 _bL45 |
||
| 100 | _aLENZ, GUNTHER Y OTROS | ||
| 245 | 0 | _aMANUAL DE ANESTESIA | |
| 250 | _a0 | ||
| 260 |
_aD.F. - MEXICO _bEL MANUAL MODERNO, S.A. _c1991 |
||
| 300 |
_a289 pag _c19 cm |
||
| 341 | _h101 | ||
| 490 |
_v0 _a0 |
||
| 505 | _aPREMEDICACION/FUNCION PULMONAR/ACCESO VENOSO CENTRAL/CANULAC | ||
| 541 |
_aC _bLIBRERIA SAN CRISTOBAL _d22-Aug-03 _oSoles |
||
| 650 | _aCIENCIAS APLICADAS | ||
| 856 | _zCiencias Aplicadas | ||
| 942 | _cLIBRO | ||
| 999 |
_c33392 _d33392 |
||